| 000 | 00839cam a2200241 4500 | ||
|---|---|---|---|
| 008 | 090401t1988 xxu||||| |||| 00| 0 eng d | ||
| 020 | _a0117521477 | ||
| 035 | _a(Sirsi) u33782 | ||
| 041 | _aeng | ||
| 050 | _a711.52 | ||
| 110 |
_aUnited Kingdom _bDepartment of the Environment _9982 |
||
| 245 | _aImproving inner city shopping centres : an evaluation of Urban Programme funded schemes in the West Midlands | ||
| 260 |
_aLondon _bHMSO _c1988 |
||
| 300 | _aiv,83p.,5p.of plates : ill. ; 30cm. | ||
| 350 | _a14 | ||
| 490 | _aInner Cities Research Programme | ||
| 520 | _aReport prepared by Aston University Public Sector Management Research Centre , project director: Tony Bovaird. | ||
| 650 | _aBOUVAIRD TONY | ||
| 650 | _aINNER CITIES DIRECTORATE | ||
| 650 | _aINNER CITY REDEVELOPMENT | ||
| 942 | _n0 | ||
| 948 | _c04/03/1997 | ||
| 999 |
_c89851 _d89851 |
||